| 000 | 00852nam a2200241Ia 4500 | ||
|---|---|---|---|
| 003 | GCL | ||
| 008 | 140319s9999 xx 000 0 ara d | ||
| 020 | _a4545232977 | ||
| 040 |
_aGCL / _cGCL |
||
| 082 | 0 | 4 |
_a370.152 _bم ت |
| 100 | 1 | _aمجدى عزيز ابراهيم | |
| 245 | 1 | 0 |
_aالتفكير من خلال استراتيجيات التعليم بالاكتشاف / _cمجدى عزيز ابراهيم |
| 250 | _aالاولى | ||
| 260 |
_aالقاهرة : _bعالم الكتب ، _c2007 |
||
| 300 |
_a426 ص ؛ _c24 سم |
||
| 490 |
_aسلسلة التفكير والتعليم والتعلم _v6 |
||
| 650 | 0 | 4 | _aالمنطق |
| 650 | 0 | 4 | _aالتعليم - الطرق التجريبية |
| 650 | 0 | 4 | _aالابداع |
| 650 | 0 | 4 | _aالتعليم بالاكتشاف |
| 650 | 0 | 4 | _aالتفكير الاستنتاجى |
| 942 |
_2ddc _cBK |
||
| 999 |
_c9721 _d9721 |
||